000 00627nam a2200241Ia 4500
003 OSt
005 20220926014025.0
006 a|||||r|||| 00| 0
007 ta
008 220923b |||||||| |||| 00| 0 eng d
037 _cGeneral Book
040 _aRTL
_cRTL
_beng
041 _2eng
_aeng
082 _aY:1v1, J5
100 _aLinton Ralph
245 0 _aTree of culture
260 _aNew York
_bKnopf
_c1955
300 _axiv,674p
_ccm.
500 _aBibliography: p 675-692
650 _aCulture and Civilisation
942 _hY:1v1, J5
_cGB
_2CC
999 _c627518
_d627518